Numerical methods for engineers / (Record no. 4095)

MARC details
000 -LEADER
fixed length control field 01293nac a22003251i 4500
003 - CONTROL NUMBER IDENTIFIER
control field EG-ScBUE
005 - DATE AND TIME OF LATEST TRANSACTION
control field 20240916125857.0
008 - FIXED-LENGTH DATA ELEMENTS--GENERAL INFORMATION
fixed length control field 130417s1990 nyua f b 001 0 eng d
020 ## - INTERNATIONAL STANDARD BOOK NUMBER
International Standard Book Number 0070799849
020 ## - INTERNATIONAL STANDARD BOOK NUMBER
International Standard Book Number 0071004122
020 ## - INTERNATIONAL STANDARD BOOK NUMBER
International Standard Book Number 9780071004121
040 ## - CATALOGING SOURCE
Original cataloging agency EG-ScBUE
Language of cataloging eng
Description conventions rda
Transcribing agency EG-ScBUE
Modifying agency EG-ScBUE
082 04 - DEWEY DECIMAL CLASSIFICATION NUMBER
Classification number 511.02462
Item number CHA
Edition number 22
100 1# - MAIN ENTRY--PERSONAL NAME
Personal name Chapra, Steven C.,
Relator term author.
9 (RLIN) 33111
245 10 - TITLE STATEMENT
Title Numerical methods for engineers /
Remainder of title Steven C. Chapra, professor of civil engineering, The University of Colorado, Raymond P. Canale, professor of civil engineering, The University of Michigan.
250 ## - EDITION STATEMENT
Edition statement Second edition.
250 ## - EDITION STATEMENT
Edition statement International edition.
264 #1 - PUBLICATION, DISTRIBUTION, ETC. (IMPRINT)
Place of publication, distribution, etc New York :
Name of publisher, distributor, etc McGraw-Hill Book Company,
Date of publication, distribution, etc 1990.
300 ## - PHYSICAL DESCRIPTION
Extent xvii, 812 pages :
Other physical details illustrations (some color) ;
Dimensions 25 cm
336 ## - CONTENT TYPE
Source rdacontent
Content type term text
Content type code txt
337 ## - MEDIA TYPE
Media type term unmediated
Source rdamedia
Media type code n
338 ## - CARRIER TYPE
Carrier type term volume
Carrier type code nc
Source rdacarrier
504 ## - BIBLIOGRAPHY, ETC. NOTE
Bibliography, etc Includes bibliographical references and index.<br/>
650 #7 - SUBJECT ADDED ENTRY--TOPICAL TERM
Topical term or geographic name as entry element Engineering mathematics
General subdivision Data processing.
Source of heading or term BUEsh
9 (RLIN) 33112
650 #7 - SUBJECT ADDED ENTRY--TOPICAL TERM
Topical term or geographic name as entry element Numerical calculations
General subdivision Data processing.
Source of heading or term BUEsh
9 (RLIN) 12960
650 #7 - SUBJECT ADDED ENTRY--TOPICAL TERM
Topical term or geographic name as entry element Microcomputers
General subdivision Programming.
Source of heading or term BUEsh
9 (RLIN) 33113
655 ## - INDEX TERM--GENRE/FORM
Form subdivision Reading book
700 1# - ADDED ENTRY--PERSONAL NAME
Personal name Canale, Raymond P.,
Relator term author.
9 (RLIN) 12962
942 ## - ADDED ENTRY ELEMENTS (KOHA)
Koha item type Book - Borrowing
Source of classification or shelving scheme Dewey Decimal Classification
Holdings
Withdrawn status Lost status Source of classification or shelving scheme Damaged status Not for loan Collection code Home library Current library Shelving location Date acquired Source of acquisition Total Checkouts Total Renewals Full call number Barcode Date last seen Date checked out Price effective from Koha item type
    Dewey Decimal Classification     Baccah Central Library Central Library First floor 21/08/2007 Purchase 6 50 511.02462 CHA 000000009 15/07/2025 24/04/2016 21/08/2007 Book - Borrowing
    Dewey Decimal Classification     Baccah Central Library Central Library First floor 07/09/2010 Purchase 5 19 511.02462 CHA 000005691 15/07/2025 20/12/2022 10/09/2007 Book - Borrowing